000 00590nam a2200193Ia 4500
003 OSt
005 20251127093821.0
020 _a978-1-84113-631-8
040 _cLC
050 _aK 1519 .B54 2006
_b2
100 _aEDITED BY FRANCESCO FRANCIONI
245 0 _aBIOTECHNOLOGY AND INTERNATIONAL LAW
260 _aPORTLAND,
_bOXFORD AND PORTLAND, OREGON,
_c2006,
300 _aXXXVii, 448 P, ILL
500 _aINCLUDES INDEX
650 _a Biotechnology industry, Biotechnology-legislation & jurisprudence, Intellectual Property
700 _aEDITOR TULLIO SCOVAZZ
942 _cBK
_2lcc
_n0
999 _c161761
_d161761